00419cas a2200145 4500008004100000035002000041050002000061100002200081245005400103260003500157300001700192504001900209650002600228999001900254131121n eng u a(Sirsi) a181725 aKU 640 JAC 19671 aJackson, David C. aPrinciples of property law/c by David C. Jackson aSydney :bLaw Books Co.,c1967 axxxvi, 418p. aIncludes index aProperty -- Australia c120370d120370